[Event "Nikolaev zt"]
[Site "Nikolaev"]
[Date "1995.??.??"]
[Round "5"]
[White "Malaniuk, Vladimir P"]
[Black "Stripunsky, Alexander"]
[Result "1-0"]
[WhiteElo "2615"]
[BlackElo "2495"]

1.d4 d5 2.c4 c6 3.e3 Nf6 4.Nc3 e6 5.Nf3 Nbd7 6.Qc2 Bd6 7.a3 O-O 8.b4 a6 9.Bb2 e5
10.Nxd5 cxd5 11.dxe5 Nxe5 12.Nxe5 Qe7 13.Nf3 dxc4 14.Qxc4 Bg4 15.Be2 Rac8
16.Qd3 Rfd8 17.Nd4 Bb8 18.O-O Qe5 19.g3 Qh5 20.Rfc1 Bxe2 21.Qxe2 Ng4 22.h4 Qg6
23.Qf3 Rxc1+ 24.Rxc1 Be5 25.Nf5 Kh8 26.Ne7 Qe6 27.Bxe5 Nxe5 28.Qxb7 Nd7 29.Nc6 Rb8
30.Nxb8  1-0

[Event "Nikolaev zt"]
[Site "Nikolaev"]
[Date "1995.??.??"]
[Round "10"]
[White "Itkis, Boris"]
[Black "Neverov, Valeriy"]
[Result "1/2-1/2"]
[WhiteElo "2410"]
[BlackElo "2490"]

1.d4 Nf6 2.Nf3 d5 3.c4 e6 4.Nc3 c6 5.e3 Nbd7 6.Qc2 Bd6 7.Be2 O-O 8.O-O Re8
9.Rd1 b6 10.e4 Nxe4 11.Nxe4 dxe4 12.Qxe4 Bb7 13.Bf4 c5 14.Qxb7 Bxf4 15.g3 Qc7
16.Qxc7 Bxc7 17.dxc5 Nxc5 18.b4 Ne4 19.Rd7 Rec8 20.Rc1 a5 21.a3 axb4 22.axb4 Ra2
23.Bf1 Kf8 24.c5 bxc5 25.bxc5 Bb8 26.Rcd1 Bc7 27.Rc1 Ra5 28.c6 Bb6 29.Nd4 Nf6
30.Rb1 Bxd4 31.Rxd4 Nd5 32.Rc4 Ke7 33.Rb7+ Rc7 34.Rb8 h5 35.Be2 g6 36.Bf3 Ra6
37.Rb5  1/2-1/2

[Event "Nikolaev zt"]
[Site "Nikolaev"]
[Date "1995.??.??"]
[Round "11"]
[White "Aleksandrov, Aleksej"]
[Black "Stripunsky, Alexander"]
[Result "1-0"]
[WhiteElo "2510"]
[BlackElo "2495"]

1.d4 d5 2.c4 c6 3.e3 Nf6 4.Nc3 e6 5.Nf3 Nbd7 6.Bd3 g6 7.O-O Bg7 8.e4 dxe4
9.Bxe4 O-O 10.Bf4 Nh5 11.Bd6 Re8 12.c5 e5 13.d5 Ndf6 14.dxc6 Nxe4 15.c7 Qd7
16.Nxe4 Qc6 17.Re1 Nf4 18.a4 Bf5 19.Ng3 Bg4 20.b4 Nxg2 21.Kxg2 e4 22.Nxe4 Rxe4
23.b5 Qe8 24.Rxe4 Qxe4 25.Ra3 Qf5 26.h4 Bh6 27.Qd3 Qh5 28.Bg3 Re8 29.Qd8 Rf8
30.Qf6 Bg7 31.Qg5 Qxg5 32.hxg5 f6 33.Rd3 Bc8 34.Rd8 h6 35.Bd6  1-0

[Event "JUG-chT"]
[Site "Nis"]
[Date "1995.??.??"]
[Round "?"]
[White "Popovic, Djordje"]
[Black "Lazic, Miroljub"]
[Result "0-1"]
[WhiteElo "2270"]
[BlackElo "2450"]

1.d4 d5 2.c4 c6 3.Nf3 Nf6 4.Nc3 e6 5.e3 Nbd7 6.Qc2 Bd6 7.Be2 O-O 8.O-O Re8
9.Rd1 Qe7 10.e4 dxe4 11.Nxe4 Nxe4 12.Qxe4 e5 13.dxe5 Nxe5 14.Nd4 g6 15.Be3 a6
16.h3 Bd7 17.Nf3 Bf5 18.Qd4 Rad8 19.Qc3 c5 20.Qa3 Be4 21.Nh2 Nc6 22.Ng4 Nd4
23.Bd3 h5 24.Bxe4 hxg4 25.Bd5 Qe5 26.g3 Ne2+ 27.Kg2 gxh3+ 28.Kxh3 Nxg3 29.Bxc5 Qf5+
30.Kg2 Bxc5 31.Qxc5 Ne2  0-1

[Event "JUG-chT"]
[Site "Nis"]
[Date "1995.??.??"]
[Round "?"]
[White "Stamenkovic, Zoran"]
[Black "Strizak, Natasa"]
[Result "1-0"]
[WhiteElo "2415"]
[BlackElo "2205"]

1.d4 d5 2.c4 e6 3.Nf3 c6 4.e3 Nf6 5.Nc3 Nbd7 6.Bd3 Bd6 7.O-O O-O 8.e4 dxc4
9.Bxc4 e5 10.Bg5 Qe7 11.Re1 h6 12.Bh4 b5 13.Bb3 Bb7 14.dxe5 Bxe5 15.Nxe5 Nxe5
16.Qe2 Ng6 17.Bg3 Nd7 18.Rad1 Nde5 19.f4 Nc4 20.Kh1 Na5 21.Bc2 Rfd8 22.e5 Rxd1
23.Rxd1 Rd8 24.Re1 Nc4 25.Ne4 c5 26.b3 Na3 27.Nd6 Nxc2 28.Qxc2 Ba8 29.Qf2 Qc7
30.f5 Nf8 31.e6 fxe6 32.fxe6 Ng6 33.e7 Nxe7 34.Qf7+  1-0

[Event "JUG-ch sf"]
[Site "Nis"]
[Date "1995.??.??"]
[Round "?"]
[White "Antic, Dejan"]
[Black "Vojinovic, Goran"]
[Result "1/2-1/2"]
[WhiteElo "2375"]
[BlackElo "2440"]

1.d4 d5 2.c4 e6 3.Nf3 Nf6 4.Nc3 c6 5.e3 Nbd7 6.Bd3 Be7 7.O-O O-O 8.e4 dxe4
9.Nxe4 c5 10.Nc3 b6 11.Bf4 cxd4 12.Nxd4 Bb7 13.Re1 Nc5 14.Bf1 Nfe4 15.Nxe4 Nxe4
16.Nb3 Bb4 17.Qxd8 Rfxd8 18.Red1 Be7 19.Be5 f6 20.Bd4 e5 21.Be3 f5 22.g3 Ng5
23.Bxg5 Bxg5 24.Bg2 e4 25.Nd4 g6 26.Ne6 Rxd1+ 27.Rxd1 Bf6 28.b3 Kf7 29.Nc7 Rd8
30.Rxd8 Bxd8 31.Nb5 Ke6 32.Nxa7 Ke5 33.Nb5  1/2-1/2

[Event "JUG-ch sf"]
[Site "Nis"]
[Date "1995.??.??"]
[Round "?"]
[White "Carnic, Srdjan"]
[Black "Vlatkovic, Sinisa"]
[Result "0-1"]
[WhiteElo "2320"]
[BlackElo "2320"]

1.d4 d5 2.c4 c6 3.Nc3 Nf6 4.e3 e6 5.Nf3 Nbd7 6.Bd3 dxc4 7.Bxc4 b5 8.Be2 Bb7
9.e4 b4 10.e5 bxc3 11.exf6 cxb2 12.fxg7 bxa1=Q 13.gxh8=Q Qa5+ 14.Nd2 Qf5
15.O-O O-O-O 16.Nc4 Be7 17.Qg7 Qxa2 18.Bd3 Qf6 19.Qg3 Nb6 20.Nxb6+ axb6 21.Be3 Qd5
22.Qc2 Bd6 23.Qh3 c5 24.f3 Bf4 25.Bf2 Qd6 26.Rd1 Kb8 27.dxc5 bxc5 28.Bxc5 Qc7
29.Qh5 Rd5 30.Qxd5 exd5 31.g3  0-1

[Event "JUG-ch sf"]
[Site "Nis"]
[Date "1995.??.??"]
[Round "?"]
[White "Ristic, Nebojsa"]
[Black "Vojinovic, Goran"]
[Result "0-1"]
[WhiteElo "2370"]
[BlackElo "2440"]

1.d4 Nf6 2.Nf3 e6 3.c4 d5 4.Nc3 c6 5.e3 Nbd7 6.Qc2 Bd6 7.Be2 O-O 8.O-O Qe7
9.a3 dxc4 10.Bxc4 e5 11.Ng5 Nb6 12.Ba2 h6 13.Nge4 Bf5 14.Nxf6+ Qxf6 15.e4 exd4
16.exf5 dxc3 17.bxc3 Rfe8 18.Bb2 Qe5 19.g3 Qe4 20.Qd2 Bc5 21.f6 Rad8 22.Qc1 Qf3
23.Qf4 Qxf4 24.gxf4 Na4 25.Bc1 Nxc3 26.fxg7 Nxa2 27.Rxa2 Kxg7 28.a4 Re4 29.Kg2 Rde8
30.Kf3 f5 31.Rd1 Kf7 32.Rd3 Rd4 33.Rc3 Bb4 34.Rb3 a5 35.Be3 Rd5 36.Rc2 Re4  0-1

[Event "JUG-ch sf"]
[Site "Nis"]
[Date "1995.??.??"]
[Round "?"]
[White "Stojanovic, Mihajlo"]
[Black "Stamenkovic, Dragan"]
[Result "1-0"]
[WhiteElo "2355"]
[BlackElo "2295"]

1.d4 d5 2.c4 c6 3.Nc3 Nf6 4.e3 e6 5.Nf3 Nbd7 6.Qc2 Bd6 7.e4 dxe4 8.Nxe4 Nxe4
9.Qxe4 c5 10.Bg5 Nf6 11.Qh4 Qa5+ 12.Bd2 Qb6 13.b4 Be7 14.dxc5 Qd8 15.Rd1 a5
16.a3 axb4 17.axb4 Ra4 18.Bc3 Nd5 19.Qg3 Nxc3 20.Rxd8+ Bxd8 21.Bd3 Bf6 22.O-O Rxb4
23.Qd6 Be7 24.Qc7 Bd7 25.Ne5 Ba4 26.c6  1-0

[Event "JUG-chT"]
[Site "Nis"]
[Date "1995.??.??"]
[Round "?"]
[White "Banjevic, Sasa"]
[Black "Todorovic, Bojan"]
[Result "0-1"]
[WhiteElo "2210"]
[BlackElo "2360"]

1.d4 d5 2.c4 c6 3.Nc3 Nf6 4.e3 e6 5.Nf3 Nbd7 6.Qc2 Bd6 7.g4 dxc4 8.Bxc4 b5
9.Bd3 b4 10.Na4 Bb7 11.Nc5 Bxc5 12.dxc5 Qa5 13.Bd2 Qxc5 14.g5 Nd5 15.e4 N5b6
16.Qb3 a5 17.a3 O-O 18.axb4 axb4 19.Rc1 Qd6 20.Bxb4 c5 21.Ba3 Qf4 22.Qd1 Rfd8
23.Rc3 Na4 24.Rc1 Ndb6  0-1

[Event "JUG-chT"]
[Site "Nis"]
[Date "1995.??.??"]
[Round "?"]
[White "Ilincic, Zlatko"]
[Black "Todorovic, Bojan"]
[Result "1/2-1/2"]
[WhiteElo "2565"]
[BlackElo "2360"]

1.d4 d5 2.c4 c6 3.Nf3 Nf6 4.Nc3 e6 5.e3 Nbd7 6.Bd3 b6 7.O-O Bb7 8.e4 dxe4
9.Nxe4 Be7 10.Bf4 Nxe4 11.Bxe4 O-O 12.Qa4 Qc8 13.Rfe1 Nf6 14.Bd3 Re8 15.Rad1 c5
16.d5 exd5 17.cxd5 Nxd5 18.Bb5 Nxf4 19.Bd7 Qc7 20.Bxe8 Bd6 21.Ng5 Bxg2 22.Bxf7+ Kh8
23.Rxd6  1/2-1/2

[Event "NLD-ch"]
[Site "?"]
[Date "1995.??.??"]
[Round "1"]
[White "Cifuentes Parada, Roberto"]
[Black "Brenninkmeijer, Joris"]
[Result "0-1"]
[WhiteElo "2535"]
[BlackElo "2490"]

1.c4 Nf6 2.Nf3 c6 3.Nc3 d5 4.e3 e6 5.d4 Nbd7 6.Qc2 b6 7.Bd3 Bb7 8.O-O Be7
9.b3 O-O 10.Bb2 g6 11.Rfd1 Rc8 12.Rac1 Re8 13.Qe2 Bf8 14.Ne5 Nxe5 15.dxe5 Nd7
16.f4 Bg7 17.Bb1 f6 18.exf6 Qxf6 19.Na4 Qf7 20.Bxg7 Qxg7 21.e4 e5 22.f5 d4
23.fxg6 hxg6 24.c5 b5 25.Nb2 Nf6 26.Nd3 Rc7 27.Rf1 Bc8 28.h3 g5 29.g4 Nh7
30.a4 bxa4 31.bxa4 Nf8 32.Ba2+ Kh8 33.Qd2 Qh6 34.Bf7 Ree7 35.Bh5 Ba6 36.Rb1 Bxd3
37.Qxd3 Ne6 38.Rb8+ Kh7 39.Qb3 Qg7 40.Rf5 Nf4 41.Rff8 Rb7 42.Rh8+ Qxh8 43.Rxb7 Qg7
44.Rb8 d3 45.Kf2 d2 46.Be8 Qh6 47.Bh5 Rg7 48.Rb7 Rxb7 49.Qxb7+ Qg7  0-1

[Event "NLD-chT9596"]
[Site "?"]
[Date "1995.??.??"]
[Round "?"]
[White "Voormans, Jan"]
[Black "Kroeze, Frank M"]
[Result "1/2-1/2"]
[WhiteElo "2230"]
[BlackElo "2400"]

1.d4 d5 2.c4 c6 3.Nf3 e6 4.e3 Nf6 5.Nc3 Nbd7 6.Bd3 dxc4 7.Bxc4 b5 8.Bd3 a6
9.e4 c5 10.d5 c4 11.dxe6 fxe6 12.Bc2 Qc7 13.O-O Bb7 14.Ng5 Nc5 15.e5 Qxe5
16.Re1 Qd6 17.Qxd6 Bxd6 18.Be3 Nd3 19.Bxd3 cxd3 20.Nxe6 Kf7 21.Bc5 Rhe8 22.Ng5+ Kg6
23.Bxd6 Kxg5 24.Rxe8 Rxe8 25.Rd1 Ne4 26.Bb4 Nf6 27.f3 Rd8 28.Kf2 Bc8 29.Be7 Rd7
30.Bxf6+ Kxf6 31.Ke3 b4 32.Ne4+ Ke7 33.Rxd3 Rc7 34.a3 bxa3 35.bxa3 Bf5 36.Rc3 Rb7
37.g4 Bxe4 38.Kxe4 Kd7 39.f4 Rb2 40.h3 Re2+ 41.Kf5 Rb2 42.Rd3+ Ke7 43.Re3+ Kd7
44.h4 Rb6 45.Rd3+ Ke7 46.Rd4 Rb5+ 47.Ke4 Rb3 48.Ra4 Rb6 49.f5 Rh6 50.h5 Rb6
51.Rb4 Rc6 52.g5 Rc3 53.Ra4 Rh3 54.Rxa6 Rxh5 55.Ra7+ Kf8 56.Ke5 Rh1 57.Ra4 Rg1
58.Ra8+ Kf7 59.Ra7+ Kf8 60.Ra6 Re1+ 61.Kd5 Rf1 62.f6 Rd1+ 63.Ke4 Re1+ 64.Kd3 gxf6
65.Rxf6+ Kg7 66.Rf5 Kg6 67.Ra5 Rg1 68.a4 Rg3+  1/2-1/2

[Event "NOR-ch"]
[Site "?"]
[Date "1995.??.??"]
[Round "4"]
[White "Ostenstad, Berge"]
[Black "Gausel, Einar"]
[Result "1-0"]
[WhiteElo "2485"]
[BlackElo "2490"]

1.d4 d5 2.c4 c6 3.Nc3 Nf6 4.Nf3 e6 5.e3 Nbd7 6.Qc2 b6 7.Bd3 Bb7 8.O-O Be7
9.b3 O-O 10.Bb2 Rc8 11.Rad1 Qc7 12.Qe2 Rfd8 13.e4 dxe4 14.Nxe4 Nxe4 15.Qxe4 Nf6
16.Qh4 h6 17.Ne5 Bd6 18.Rfe1 c5 19.d5 exd5 20.cxd5 Bf8 21.Bf5 Rxd5 22.Rxd5 Bxd5
23.Bxc8 Qxc8 24.Nc4 Nh7 25.Rd1 Qe6 26.Ne3 Be4 27.Qg3 Qc8 28.Qe5 Bg6 29.Nd5 Qb7
30.Re1 Kh8 31.Ne7 Bd3 32.Qd5 Qxd5 33.Nxd5 f6 34.Re8 Kg8 35.Rd8 c4 36.Nf4 Bb1
37.Ne6 Kf7 38.Nxf8 Nxf8 39.Ba3 Ne6 40.Rd7+ Kg6 41.Re7 Nd4 42.Bb2 c3 43.Bxc3 Nb5
44.Bd2 Bxa2 45.b4 h5 46.f3 Kh7 47.Kf2 Kg8 48.Re1 Kf7 49.Ra1 Be6 50.Bf4 Ke7
51.Bb8 a5 52.bxa5 bxa5 53.Rxa5 Bc4 54.Bf4 Ke6 55.Bc1 Kf7 56.Bb2 Kg6 57.Ra8 Nd6
58.Rd8 Nf7 59.Rd7 Be6 60.Ra7 Bf5 61.Ke3 Be6 62.Kf4 Bb3 63.Ba3 Ng5 64.Kg3 Ne6
65.Ra5 Nf4 66.Ra8 Ne2+ 67.Kf2 Nf4 68.Rh8 Bc4 69.Bd6 Ne6 70.h4 Bb3 71.Ke3 Bc2
72.Kd2 Ba4 73.Kc3 Bb5 74.Rb8 Be2 75.Rh8 Bb5 76.Ra8 Be2 77.Re8 Kf5 78.Kd2 Bc4
79.Ke3 Bb3 80.Rh8 Kg6 81.Kd3 Bd5 82.Rb8 Ba2 83.Ke4 Kf7 84.f4 g5 85.f5 Ng7
86.Rb7+ Kg8 87.Rb8+ Kh7 88.hxg5 fxg5 89.f6  1-0

[Event "NOR-ch"]
[Site "?"]
[Date "1995.??.??"]
[Round "7"]
[White "Madsen, Dag"]
[Black "Grotnes, Nils"]
[Result "1-0"]
[WhiteElo "2295"]
[BlackElo "2325"]

1.d4 d5 2.c4 c6 3.Nf3 Nf6 4.Nc3 e6 5.e3 Nbd7 6.Be2 Bd6 7.b3 b6 8.Bb2 Bb7
9.Qc2 O-O 10.O-O c5 11.cxd5 exd5 12.Rfd1 Qe7 13.Nb5 Bb8 14.Rac1 Ne4 15.Nc3 Ndf6
16.Nxe4 Nxe4 17.dxc5 bxc5 18.g3 Qe6 19.Nd2 d4 20.Nxe4 Bxe4 21.Qxc5 Qh3 22.Bf1 Qg4
23.Qxd4 Bxg3 24.hxg3 h5 25.Bg2 Rad8 26.Qxg7+  1-0

[Event "Novgorod op"]
[Site "Novgorod"]
[Date "1995.??.??"]
[Round "1"]
[White "Dokuchaev, Aleksander"]
[Black "Korneev, Oleg"]
[Result "1/2-1/2"]
[WhiteElo "2395"]
[BlackElo "2540"]

1.d4 d5 2.Nf3 Nf6 3.c4 e6 4.Nc3 c6 5.e3 Nbd7 6.Qc2 Bd6 7.Be2 O-O 8.O-O b6
9.e4 dxe4 10.Nxe4 Nxe4 11.Qxe4 Bb7 12.Bd3 g6 13.Bg5 Qc7 14.Qh4 c5 15.Be4 Bxe4
16.Qxe4 cxd4 17.Qxd4 Ne5 18.Bf6 Nxf3+ 19.gxf3 Rac8 20.Qh4 Be5 21.Rac1 Bxf6
22.Qxf6 a5 23.Rfd1 Qb7 24.Rc3 Rc5 25.Rd8 Rxd8 26.Qxd8+ Kg7 27.Qd4+ e5 28.Qd6 Qc6
29.Rd3 Qxd6 30.Rxd6 b5 31.cxb5 Rxb5 32.Ra6 Rxb2 33.Rxa5 Kf6 34.Ra7 h5 35.a4 Ra2
36.Kg2 Ke6 37.a5 f6 38.a6 Kf5 39.Ra8 Ra3 40.a7 Kg5 41.h3  1/2-1/2

[Event "Novgorod op"]
[Site "Novgorod"]
[Date "1995.??.??"]
[Round "3"]
[White "Lugovoi, Aleksei"]
[Black "Korneev, Oleg"]
[Result "1/2-1/2"]
[WhiteElo "2485"]
[BlackElo "2540"]

1.d4 d5 2.c4 e6 3.Nf3 Nf6 4.Nc3 c6 5.e3 Nbd7 6.Bd3 dxc4 7.Bxc4 b5 8.Bd3 a6
9.e4 c5 10.d5 c4 11.Bc2 Qc7 12.O-O Bc5 13.dxe6 fxe6 14.Qe2 Ne5 15.Nxe5 Qxe5
16.Kh1 O-O 17.f4 Qh5 18.Qxh5 Nxh5 19.e5 g5 20.Ne4 Be7 21.f5 exf5 22.Bxg5 Rf7
23.Bxe7 Rxe7 24.Nd6 Rxe5 25.a4 Rb8 26.axb5 axb5 27.Ra7 Ng7 28.g4 Be6 29.Nxf5 Nxf5
30.Bxf5 Bxf5 31.gxf5 Rbe8 32.f6 Kf8 33.Rxh7  1/2-1/2

[Event "Novgorod op"]
[Site "Novgorod"]
[Date "1995.??.??"]
[Round "3"]
[White "Sokolov, Andrei"]
[Black "Serper, Grigory"]
[Result "0-1"]
[WhiteElo "2520"]
[BlackElo "2585"]

1.d4 d5 2.c4 c6 3.Nf3 Nf6 4.Nc3 e6 5.e3 Nbd7 6.Qc2 Bd6 7.Bd2 O-O 8.Bd3 Qe7
9.O-O dxc4 10.Bxc4 e5 11.h3 Bc7 12.Bb3 h6 13.dxe5 Nxe5 14.Nxe5 Bxe5 15.Rae1 Be6
16.Bxe6 Qxe6 17.e4 Rfe8 18.Re2 Rad8 19.b3 Qd6 20.Nb1 Bd4 21.Bc3 Nh5 22.Bxd4 Qxd4
23.Rd2 Qe5 24.Rxd8 Rxd8 25.g3 Re8 26.Qe2 Nf6 27.Nd2 Nxe4 28.Nxe4 Qxe4 29.Qd2 b6
30.Rd1 Qf3 31.Re1 Rxe1+ 32.Qxe1 Qf6 33.Qe8+ Kh7 34.Qe4+ g6 35.h4 Qa1+ 36.Kg2 Qxa2
37.h5 Qxb3 38.hxg6+ fxg6 39.Qe7+ Kg8 40.Qe8+ Kg7 41.Qe5+ Kf7 42.Qc7+ Kf6
43.Qf4+ Ke6 44.Qe4+ Kd6 45.Qxg6+ Qe6 46.Qg7 a5 47.Qf8+ Kd5 48.f4 Ke4 49.Qa3 Qd5
50.Qe7+ Kf5+ 51.Kh2 a4 52.Qh7+ Kg4 53.Qg7+ Kf3 54.Qc3+ Kg4 55.Qg7+ Kf3 56.Qc3+ Ke2
57.Qc2+ Qd2 58.Qe4+ Kf1+ 59.Kh3 Qe2 60.Qb1+ Qe1 61.Qxb6 Qe6+ 62.Kh4 a3 63.Qb1+ Kf2
64.Qc2+ Qe2 65.Qc5+ Qe3 66.Qc2+ Kg1 67.Qd1+ Kg2 68.Qc2+ Qf2 69.Qxc6+ Kh2
70.Kg4 Qxg3+ 71.Kf5 a2 72.Qc2+ Qg2 73.Qc1 Qe2 74.Qc3 h5 75.Kg5 Qf1 76.Kh4 a1=Q  0-1

[Event "Novgorod op"]
[Site "Novgorod"]
[Date "1995.??.??"]
[Round "4"]
[White "Volkov, Sergey"]
[Black "Burmakin, Vladimir"]
[Result "1/2-1/2"]
[WhiteElo "2380"]
[BlackElo "2555"]

1.d4 d5 2.c4 e6 3.Nc3 c6 4.e3 Nf6 5.Nf3 Nbd7 6.Bd3 dxc4 7.Bxc4 b5 8.Be2 b4
9.Na4 Be7 10.O-O O-O 11.a3 a5 12.b3 Ba6 13.Bxa6 Rxa6 14.Qc2 Qb8 15.Bb2 Qb5
16.Rfc1 Rb8 17.axb4 axb4 18.Ne1 h6 19.Qc4 Ne4 20.Qc2 Nd6 21.Nd3 Nb7 22.Qd1 Rba8
23.Rab1 Rd8 24.Qc2 Na5 25.Ra1 Qd5 26.Nac5 Bxc5 27.dxc5 Raa8 28.Nxb4 Qxb3
29.Qxb3 Nxb3 30.Rxa8 Rxa8 31.Rd1 Ndxc5 32.Nxc6 Ra2 33.Be5 f6 34.Bg3 Ne4 35.Nb4 Ra4
36.Nc2 e5 37.f4 Nbc5 38.Ne1 Nxg3 39.hxg3 e4 40.g4 Ra3 41.Kf2 Kf8 42.f5 g5
43.Rd6 Kf7 44.Rd7+ Ke8 45.Rd6 Ke7  1/2-1/2

[Event "Novgorod op"]
[Site "Novgorod"]
[Date "1995.??.??"]
[Round "4"]
[White "Tunik, Gennady"]
[Black "Svirin, O."]
[Result "1-0"]
[WhiteElo "2530"]
[BlackElo "2420"]

1.d4 d5 2.c4 c6 3.Nf3 Nf6 4.Nc3 e6 5.e3 Nbd7 6.Bd3 dxc4 7.Bxc4 b5 8.Bd3 Bb7
9.a3 b4 10.Ne4 Nxe4 11.Bxe4 Nf6 12.Bd3 a5 13.O-O Be7 14.e4 Qb6 15.axb4 axb4
16.Rxa8+ Bxa8 17.e5 Nd5 18.Qe2 c5 19.dxc5 Qxc5 20.Bd2 Qb6 21.Rc1 O-O 22.h4 f5
23.exf6 Nxf6 24.Ng5 Bd5 25.Bc4 Rc8 26.Bxd5 Rxc1+ 27.Bxc1 Nxd5 28.Nxe6 Bxh4
29.Nf4 Nc7 30.Qc4+ Kh8 31.Nd3 Be7 32.Be3 Qb7 33.Nf4 Qb8 34.Bd4 Bd6 35.Nh5 Qa8  1-0

[Event "Novgorod op"]
[Site "Novgorod"]
[Date "1995.??.??"]
[Round "4"]
[White "Makarov, Marat"]
[Black "Novikov, Igor A"]
[Result "1/2-1/2"]
[WhiteElo "2520"]
[BlackElo "2590"]

1.c4 e6 2.Nc3 d5 3.d4 c6 4.e3 Nf6 5.Nf3 Nbd7 6.Bd3 dxc4 7.Bxc4 b5 8.Bd3 Bb7
9.a3 Bd6 10.O-O O-O 11.Bd2 Qe7 12.Qc2 h6 13.Ne2 Rfc8 14.b4 a5 15.e4 e5 16.Qb2 Re8
17.Bc3  1/2-1/2

[Event "Novgorod op"]
[Site "Novgorod"]
[Date "1995.??.??"]
[Round "5"]
[White "Lugovoi, Aleksei"]
[Black "Sveshnikov, Evgeny"]
[Result "0-1"]
[WhiteElo "2485"]
[BlackElo "2560"]

1.d4 d5 2.c4 e6 3.Nf3 Nf6 4.Nc3 c6 5.e3 Nbd7 6.Bd3 dxc4 7.Bxc4 b5 8.Bd3 b4
9.Ne4 c5 10.Nxf6+ gxf6 11.Be4 Rb8 12.O-O f5 13.Bc6 Qc7 14.d5 Bg7 15.e4 fxe4
16.Ng5 O-O 17.Bxd7 Bxd7 18.Nxe4 c4 19.Re1 Rb5 20.Bh6 Bxh6 21.Nf6+ Kg7 22.Qd4 Kg6
23.h4 Qf4 24.h5+ Kg7 25.Ne8+ Kg8 26.Nf6+ Kh8 27.Qxf4 Bxf4 28.Nxd7 Rd8 29.dxe6 fxe6
30.Re4 Bd6 31.Nf6 Be5 32.Ng4 Bxb2 33.Rae1 Rd4 34.Rxd4 Bxd4 35.Rxe6 b3 36.axb3 cxb3
37.h6 Kg8  0-1

[Event "Novgorod op"]
[Site "Novgorod"]
[Date "1995.??.??"]
[Round "6"]
[White "Levin, Felix"]
[Black "Yasinsky, V."]
[Result "1-0"]
[WhiteElo "2490"]
[BlackElo "2385"]

1.d4 d5 2.c4 c6 3.Nc3 Nf6 4.Nf3 e6 5.e3 Nbd7 6.Bd3 dxc4 7.Bxc4 b5 8.Bd3 a6
9.e4 c5 10.e5 cxd4 11.Nxb5 axb5 12.exf6 gxf6 13.O-O Qb6 14.Be4 Bb7 15.Bxb7 Qxb7
16.Nxd4 Rg8 17.f3 Ne5 18.Nb3 Rd8 19.Qe2 Qd5 20.Be3 Qc4 21.Qxc4 Nxc4 22.Bc1 f5
23.Rf2 Rd1+ 24.Rf1 Rd3 25.Kf2 e5 26.Ke2 e4 27.fxe4 fxe4 28.g3 Bd6 29.Nd2 Nxd2
30.Bxd2 Ke7 31.Rac1 Ke6  1-0

[Event "Novgorod op"]
[Site "Novgorod"]
[Date "1995.??.??"]
[Round "7"]
[White "Yasinsky, V."]
[Black "Svirin, O."]
[Result "1-0"]
[WhiteElo "2385"]
[BlackElo "2420"]

1.c4 c6 2.Nf3 d5 3.d4 Nf6 4.Nc3 e6 5.e3 Nbd7 6.Bd3 dxc4 7.Bxc4 b5 8.Bd3 Bb7
9.e4 b4 10.Na4 c5 11.e5 Nd5 12.O-O cxd4 13.Nxd4 Nxe5 14.Bb5+ Nd7 15.Re1 Rc8
16.Qh5 g6 17.Qe5 Qf6 18.Nf3 h6 19.Be3 Bc6 20.Qxf6 N5xf6 21.Rac1 Bb7 22.Bxa7 Rxc1
23.Rxc1 Bd6 24.Nc5 Bxc5 25.Bxc5 Bxf3 26.gxf3 Nd5 27.Bxb4 Kd8 28.Bd6 N7b6
29.a4 Nc8 30.Bc5 f6 31.Re1 Nc7 32.Bc6 Ne7 33.Rd1+ Ned5 34.b4 Na6 35.Bxd5 exd5
36.Rxd5+ Kc7 37.b5 Nxc5 38.Rxc5+ Kb7 39.Rc6 Ra8 40.Rxf6 Rxa4 41.Rxg6 Rb4
42.b6 h5 43.Kg2 h4 44.Rf6 Rb2 45.f4 Rb3 46.f3 Rb2+ 47.Kh3 Kc8 48.f5 Rb4 49.Rh6 Rf4
50.Rxh4 Rxf5 51.Kg3 Rf6 52.Rb4 Rg6+ 53.Kf2 Kb7 54.h4 Rg8 55.Ke3 Rh8 56.f4 Rxh4
57.Kf3 Rh8 58.f5  1-0

[Event "Novgorod op"]
[Site "Novgorod"]
[Date "1995.??.??"]
[Round "8"]
[White "Svirin, O."]
[Black "Dukhov, Alexander"]
[Result "0-1"]
[WhiteElo "2420"]
[BlackElo "2340"]

1.Nf3 d5 2.d4 c6 3.c4 Nf6 4.Nc3 e6 5.e3 Nbd7 6.Qc2 Bd6 7.Be2 O-O 8.O-O Qe7
9.e4 Nxe4 10.Nxe4 dxe4 11.Qxe4 e5 12.Bg5 Nf6 13.Bxf6 gxf6 14.Nh4 exd4 15.Qf3 Qe5
16.g3 Kh8 17.Bd3 Qg5 18.Rfe1 Rg8 19.Kh1 Be6 20.Qe4 Qh6 21.Qxd4 Bb4 22.Re2 Rad8
23.Qe4 b5 24.Nf5 Qh5 25.Ne3 Rxd3 26.Qxd3 Qf3+ 27.Kg1 Bxc4 28.Qd4 c5 29.Qd6 Bxe2
30.Rc1 Ba5 31.Rxc5 Be1 32.Ng4 Rxg4 33.Rc8+ Rg8  0-1

[Event "JUG-ch"]
[Site "Novi Sad"]
[Date "1995.??.??"]
[Round "?"]
[White "Ilincic, Zlatko"]
[Black "Kosic, Dragan"]
[Result "1/2-1/2"]
[WhiteElo "2565"]
[BlackElo "2500"]

1.d4 d5 2.c4 c6 3.Nf3 Nf6 4.Nc3 e6 5.e3 Nbd7 6.Qc2 Bd6 7.Be2 e5 8.cxd5 cxd5
9.Nb5 Bb8 10.dxe5 Nxe5 11.b3 Nxf3+ 12.Bxf3 Ng4  1/2-1/2

[Event "JUG-ch"]
[Site "Novi Sad"]
[Date "1995.??.??"]
[Round "?"]
[White "Ristic, Nenad"]
[Black "Kosic, Dragan"]
[Result "0-1"]
[WhiteElo "2395"]
[BlackElo "2500"]

1.d4 d5 2.Nf3 c6 3.c4 Nf6 4.Nc3 e6 5.e3 Nbd7 6.Qc2 Bd6 7.Be2 O-O 8.O-O Qe7
9.h3 Re8 10.a3 b6 11.e4 dxe4 12.Nxe4 Nxe4 13.Qxe4 Bb7 14.Bd3 f5 15.Qe2 c5
16.dxc5 Nxc5 17.Bc2 Qf6 18.Rd1 Rad8 19.Rb1 Ne4 20.Be3 e5 21.a4 h6 22.a5 Bc7
23.axb6 axb6 24.Ra1 Rxd1+ 25.Rxd1 Bc6 26.Ra1 f4 27.Bc1 Nc5 28.Nh2 e4 29.Ng4 Qg6
30.b4 Nd3 31.b5 f3 32.Qd1 Bd7 33.Ra7 Bxg4 34.Rxc7 Bxh3 35.g3 Bg2  0-1

[Event "Novosibirsk"]
[Site "Novosibirsk"]
[Date "1995.??.??"]
[Round "5"]
[White "Vyzmanavin, Alexey"]
[Black "Makarov, Marat"]
[Result "1/2-1/2"]
[WhiteElo "2605"]
[BlackElo "2520"]

1.d4 Nf6 2.c4 e6 3.Nf3 d5 4.Nc3 c6 5.e3 Nbd7 6.Qc2 Bd6 7.Bd3 O-O 8.O-O dxc4
9.Bxc4 Qe7 10.h3 e5 11.Bd2 e4 12.Ng5 Nb6 13.Bb3 Bf5 14.f3 Rae8 15.fxe4 Bg6
16.Qd1 h6 17.e5 hxg5 18.exf6 gxf6 19.Qg4 c5 20.Rae1 Kg7 21.dxc5 Bxc5 22.Nb5 Qd7  1/2-1/2

[Event "Noyabrsk"]
[Site "Noyabrsk"]
[Date "1995.??.??"]
[Round "1"]
[White "Nedobora, Mikhail"]
[Black "Landa, Konstantin"]
[Result "0-1"]
[WhiteElo "2480"]
[BlackElo "2500"]

1.d4 d5 2.c4 e6 3.Nf3 Nf6 4.Nc3 c6 5.e3 Nbd7 6.Bd3 dxc4 7.Bxc4 b5 8.Bd3 Bb7
9.e4 a6 10.e5 Nd5 11.Nxd5 cxd5 12.O-O Be7 13.Ne1 Qb6 14.Qg4 g6 15.Bh6 b4
16.Nf3 a5 17.Qh3 Rg8 18.Bg5 h5 19.Bxe7 Kxe7 20.Qh4+ Kf8 21.Rac1 Re8 22.Ng5 Kg7
23.Rfe1 Rc8 24.Rcd1 Ba6 25.Bb1 Rc7 26.Re3 Rgc8 27.Qf4 Nf8 28.h3 Bb5 29.g4 h4
30.Ree1 Ba4 31.b3 Be8 32.Nf3 Nh7 33.Ng5 Rc3 34.Nxh7 Kxh7 35.Bd3 Kg8 36.Kg2 Bb5
37.Bb1 Qa6 38.Qf6 Bd3 39.Qxh4 Bxb1 40.Rxb1 Qd3 41.Rbd1 Qf3+ 42.Kh2 Qf4+ 43.Kg2 g5
44.Qh6 Rc2 45.Rf1 R8c3  0-1

[Event "Noyabrsk"]
[Site "Noyabrsk"]
[Date "1995.??.??"]
[Round "5"]
[White "Moskalenko, Viktor"]
[Black "Stripunsky, Alexander"]
[Result "1/2-1/2"]
[WhiteElo "2525"]
[BlackElo "2495"]

1.d4 d5 2.c4 c6 3.Nc3 Nf6 4.Nf3 e6 5.e3 Nbd7 6.Bd3 dxc4 7.Bxc4 b5 8.Bd3 Bb7
9.a3 a6 10.b4 a5 11.Rb1 Bd6 12.Ng5 axb4 13.Nge4 Be7 14.axb4 Nd5 15.Nxd5 exd5
16.Nc5 Nxc5 17.dxc5 O-O 18.Qc2 h6 19.Bb2 Bf6 20.Bxf6 Qxf6 21.Qb2 Qxb2 22.Rxb2 Ra3
23.Kd2 Bc8 24.Rc1 Be6 25.Rc3 Ra7 26.Rcc2 Rfa8 27.Kc3 Kf8 28.Kd4 Ke7 29.Rd2 Kf6
30.f3 Ra3 31.h4 h5 32.Bc2 Bf5 33.Bb3 Re8 34.Rf2 Re7 35.Rf1 g6 36.Re1 Rea7
37.Rf1 R7a4 38.Kc3 Ke5 39.Rd1 Ra7 40.Rdd2 Be6 41.Rd1 Bf5 42.Rbd2 Ra1  1/2-1/2

[Event "Odorheiu Secuiesc zt"]
[Site "Odorheiu Secuiesc"]
[Date "1995.??.??"]
[Round "2"]
[White "Wojtkiewicz, Aleksander"]
[Black "Priehoda, Vitezslav"]
[Result "1-0"]
[WhiteElo "2530"]
[BlackElo "2400"]

1.Nf3 d5 2.d4 Nf6 3.c4 c6 4.Nc3 e6 5.e3 Nbd7 6.Qc2 Bd6 7.b3 O-O 8.Be2 Re8
9.O-O Qe7 10.Rd1 dxc4 11.bxc4 e5 12.a4 e4 13.Nd2 Nf8 14.c5 Bc7 15.Ba3 Ng6
16.Nc4 Ng4 17.h3 Nxf2 18.Kxf2 Qh4+ 19.Kg1 Bxh3 20.gxh3 Qg3+ 21.Kf1 f5 22.Nd6 Qxh3+
23.Ke1 Bxd6 24.Kd2 Bh2 25.Bf1 Qh6 26.Bc4+ Kh8 27.Rh1 Nh4 28.Nd1 Nf3+ 29.Kc3 g5
30.Be2 Nxd4 31.exd4 g4 32.Bxg4  1-0

[Event "Odorheiu Secuiesc zt"]
[Site "Odorheiu Secuiesc"]
[Date "1995.??.??"]
[Round "3"]
[White "Jirovsky, Milos"]
[Black "Matlak, Marek"]
[Result "1/2-1/2"]
[WhiteElo "2425"]
[BlackElo "2465"]

1.c4 e6 2.Nc3 d5 3.d4 Nf6 4.Nf3 c6 5.e3 Nbd7 6.Qc2 Bd6 7.Be2 O-O 8.O-O Qe7
9.Rd1 Re8 10.b3 b6 11.e4 Nxe4 12.Nxe4 dxe4 13.Qxe4 Bb7 14.Bf4 Bxf4 15.Qxf4 c5
16.Ne5 Nxe5 17.dxe5  1/2-1/2

[Event "Komercni Banka op"]
[Site "Olomouc"]
[Date "1995.??.??"]
[Round "5"]
[White "Fiala, Jaroslav"]
[Black "Krejci, Jakub"]
[Result "0-1"]
[WhiteElo "1980"]
[BlackElo "2070"]

1.d4 d5 2.Nf3 Nf6 3.c4 c6 4.Nc3 e6 5.e3 Nbd7 6.Bd3 dxc4 7.Bxc4 b5 8.Bd3 a6
9.O-O c5 10.b3 Bb7 11.Bb2 Be7 12.Qe2 Rc8 13.Rac1 O-O 14.Rfd1 Qa5 15.Ne5 Rfd8
16.Nxd7 Rxd7 17.dxc5 Rdc7 18.a3 b4 19.Na4 bxa3 20.Bc3 Rxc5 21.Nxc5 Qxc5 22.Bd2 Qb6
23.Rxc8+ Bxc8 24.b4 Nd5 25.Bb1 g6 26.Qc4 Bd7 27.Qb3 a5 28.Qxa3 axb4 29.Qa8+ Kg7
30.e4 Bc6 31.Qa1+ Bf6 32.e5 Bh4 33.g3 Be7 34.Qb2 Bc5 35.Be1 Ne7 36.Rd6 Qb5
37.Bd3 Qa4 38.Bc4 Be4 39.Rd8 Qc6 40.Bf1 Qb7 41.h4 Nf5 42.Kh2 b3 43.h5 gxh5
44.Bc4 Bh1 45.Bf1 Be4 46.Bd3 Bh1 47.Bf1 h6 48.Rd3 Bd5 49.Bc3 Bc4 50.Rd1 Bxf1
51.Rxf1 Qf3 52.Be1 Bd4 53.Qb1 Bxe5 54.Rg1 Kf6 55.Ba5 Qxf2+ 56.Rg2 Bxg3+ 57.Kh3 Qf4
58.Bd8+ Kg6 59.Rg1 Qg4+ 60.Kg2 Qe2+  0-1